La princesa está triste (Record no. 139409)

MARC details
000 -LEADER
campo de control de longitud fija 00600nam a2200169 4500
001 - NÚMERO DE CONTROL
campo de control 139409
003 - IDENTIFICADOR DE NÚMERO DE CONTROL
campo de control ES-MaACL
005 - FECHA Y HORA DE LA ÚLTIMA TRANSACCIÓN
campo de control 20230906195810.0
007 - CAMPO FIJO DE DESCRIPCIÓN FÍSICA--INFORMACIÓN GENERAL
campo de control de longitud fija t|
008 - DATOS DE LONGITUD FIJA--INFORMACIÓN GENERAL
campo de control de longitud fija 070214n19101919sp r ||||1| spa d
100 1# - ENTRADA PRINCIPAL--NOMBRE DE PERSONA
Nombre de persona Sassone, Felipe.
9 (RLIN) 103913
245 13 - MENCIÓN DEL TÍTULO
Título La princesa está triste
Resto del título : comedia en tres actos y en prosa ; Lo que se llevan las horas : comedia en tres actos /
Mención de responsabilidad, etc. Felipe Sassone.
260 ## - PUBLICACIÓN, DISTRIBUCIÓN, ETC.
Lugar de publicación, distribución, etc. Madrid :
Nombre del editor, distribuidor, etc. [s.n.],
Fecha de publicación, distribución, etc. [191_?] (
Fabricante Viuda e Hijos de Sanz Calleja)
300 ## - DESCRIPCIÓN FÍSICA
Extensión 352 p. ;
Dimensiones 19 cm.
740 0# - ENTRADA AGREGADA--TÍTULO RELACIONADO/ANALÍTICO NO CONTROLADO
Título relacionado o analítico no controlado Lo que se llevan las horas : comedia en tres actos.
852 ## - LOCALIZACIÓN
Ubicación ES-MaACL
Número de control de estantería F-6960
Holdings
Estatus retirado Estado de pérdida Estado de daño No para préstamo Biblioteca de origen Biblioteca actual Ubicación en estantería Fecha de adquisición Fuente de adquisición Total de préstamos Signatura topográfica completa Código de barras Visto por última vez Precio de reemplazo Tipo de ítem Koha
        Biblioteca del Ateneo de Madrid Biblioteca del Ateneo de Madrid Depósito 2 17/01/2008     F-6960 1145077 23/02/2023 23/02/2023 Libro impreso